[Event "53rd ch-HUN"]
[Site "Heviz HUN"]
[Date "2003.05.16"]
[Round "5"]
[White "Sax,G"]
[Black "Acs,P"]
[Result "0-1"]
[WhiteElo "2511"]
[BlackElo "2600"]

1.e4 c5 2.Nf3 d6 3.d4 cxd4 4.Nxd4 Nf6 5.Nc3 Nc6 6.Bg5 e6 7.Qd2 a6 8.O-O-O Be7
9.f3 Nxd4 10.Qxd4 b5 11.h4 Bb7 12.Kb1 Qc7 13.Qd2 Rc8 14.Bd3 h6 15.Be3 b4
16.Na4 d5 17.Nb6 Rd8 18.e5 Ne4 19.fxe4 dxe4 20.Nc4 exd3 21.cxd3 Qc6 22.Rhg1 Qb5
23.Qe2 Bd5 24.Bf4 Qc6 25.Rc1 Bxc4 26.Rxc4 Qd5 27.Rd1 O-O 28.g3 Rd7 29.Qe4 Rfd8
30.Qxd5 Rxd5 31.Kc2 g5 32.hxg5 hxg5 33.Bd2 Rxd3 34.Rg4 R3d4 35.Rxd4 Rxd4
36.Re1 Kg7 37.Be3 Rd5 38.Bf2 Kg6 39.g4 Bf8 40.Re4 a5 41.Bd4 Bc5 42.Bxc5 Rxc5+
43.Kb3 Rc1 44.Ka4 Rc2 45.Kxa5 Rxb2 46.Kb5 Rxa2 47.Kxb4 Rf2 48.Kc3 Rf4 49.Kd4 f5
50.exf6 Kxf6 51.Kd3 Rxe4 52.Kxe4 Kf7 53.Kd4 Ke8 54.Kc5 Kd7 55.Kd4 Kd6 56.Ke4 e5
57.Kf5 Kd5 58.Kxg5 e4 59.Kf4  0-1

[Event "1/4 Coupe de France"]
[Site "Senat FRA"]
[Date "2003.05.24"]
[Round "1"]
[White "Bijaoui,M"]
[Black "Levacic,D"]
[Result "1-0"]
[WhiteElo "2193"]
[BlackElo "2296"]

1.e4 c5 2.Nf3 d6 3.d4 cxd4 4.Nxd4 Nf6 5.Nc3 Nc6 6.Bg5 e6 7.Bb5 Bd7 8.Bxc6 bxc6
9.Qf3 Qb6 10.Nb3 Be7 11.O-O-O e5 12.Bxf6 gxf6 13.Rxd6 Bxd6 14.Qxf6 Rg8 15.Qxd6 O-O-O
16.g3 Be6 17.Qc5 Bxb3 18.Qxb6 axb6 19.cxb3 Rd4 20.Re1 Rgd8 21.Re2 b5 22.Kc2 h5
23.h4 Kd7 24.a3 Ke6 25.Nb1 f5 26.Nd2 f4 27.gxf4 exf4 28.Nf3 Rd3 29.Ng5+ Ke7
30.f3 Re3 31.Rg2 c5 32.b4 cxb4 33.axb4 Rc8+ 34.Kd2 Rb3 35.Kd1 Rd8+ 36.Kc2 Rxb4
37.Nh3 Rc4+ 38.Kb3 Rd3+ 39.Ka2 Rxf3 40.Ng5 Rg3  1-0

[Event "ch-RUS w"]
[Site "Elista RUS"]
[Date "2003.05.25"]
[Round "8"]
[White "Semenova,Ir"]
[Black "Chistiakova,T"]
[Result "1-0"]
[WhiteElo "2224"]
[BlackElo "2341"]

1.e4 c5 2.Nf3 d6 3.d4 cxd4 4.Nxd4 Nf6 5.Nc3 Nc6 6.Bg5 e6 7.Qd2 a6 8.f3 Bd7
9.Nb3 Be7 10.O-O-O Qc7 11.h4 Na5 12.Kb1 Nxb3 13.cxb3 Bc6 14.Bxf6 gxf6 15.f4 b5
16.Bd3 b4 17.Ne2 Qb7 18.Qe3 a5 19.Nd4 Bd7 20.f5 e5 21.Nf3 a4 22.Bc4 axb3
23.Bxb3 Bc6 24.Rhe1 Rg8 25.Qe2 Rg4 26.Nd2 h5 27.Rc1 Rc8 28.Bc4 Rc7 29.Ba6 Qb6
30.Rxc6 Rxc6 31.Bb5 Kf8 32.Bxc6 Qxc6 33.Rc1 Qb7 34.Qe3 Kg7 35.g3 d5 36.Re1 Qd7
37.Qd3 Bc5 38.Re2 Bd4 39.Qf3 Ba7 40.Qd3 Kf8 41.Qxd5 Qxd5 42.exd5 Rxg3 43.Kc2 Rg4
44.Ne4 Rxh4 45.Kb3 Rf4 46.Kxb4 h4 47.Kb5 h3 48.d6 Ke8 49.Nxf6+ Kf8 50.Nd7+ Ke8
51.Nxe5 Rxf5 52.Kc6 Rf6 53.Nd7+ Re6 54.Rxe6+ fxe6 55.Ne5 h2 56.d7+ Ke7 57.Kc7 Bb6+
58.Kxb6 h1=Q 59.Kc7 Kf6 60.Nc6 Qh2+ 61.Kc8 Qxb2 62.d8=Q+ Kf5 63.Qf8+ Kg5
64.Qc5+ Kg6 65.a4 Qh8+ 66.Kd7 Qh3 67.Ne5+ Kf6 68.a5 Qf1 69.Nc6 Kg7 70.Qe5+ Kh7
71.Qxe6 Qd3+ 72.Kc7 Qg3+ 73.Qd6  1-0

[Event "12th Chicago Open"]
[Site "Oak Brook USA"]
[Date "2003.05.25"]
[Round "4"]
[White "Bartholomew,J"]
[Black "Sarkar,J"]
[Result "0-1"]
[WhiteElo "2300"]
[BlackElo "2389"]

1.e4 c5 2.Nf3 Nc6 3.d4 cxd4 4.Nxd4 Nf6 5.Nc3 d6 6.Bg5 e6 7.Qd3 a6 8.O-O-O Bd7
9.Be2 h6 10.Bh4 Be7 11.f4 g5 12.Nxc6 Bxc6 13.fxg5 Nd7 14.Bg3 hxg5 15.Bxd6 Bxd6
16.Qxd6 Qb8 17.Qxb8+ Rxb8 18.g3 Ke7 19.h4 Rbg8 20.Rde1 gxh4 21.Rxh4 Rxh4
22.gxh4 Rg3 23.h5 Nf6 24.e5 Nd7 25.Bd1 Rg5 26.Re3 Kf8 27.h6 Nxe5 28.Ne4 Rg1
29.Nf2 Ng6 30.Ng4 Rh1 31.Kd2 Rh4 32.b3 Ke7 33.Be2 f5 34.Bc4 Bd7 35.Nf2 Rxh6
36.a4 b5 37.axb5 axb5 38.Be2 Nf4 39.Nd3 Nxd3 40.cxd3 Rh4 41.Rg3 Bc6 42.Rg7+ Kd6
43.Rf7 Bd5 44.d4 Rxd4+ 45.Kc3 b4+ 46.Kxd4 e5+ 47.Ke3 Bxf7 48.Bd1 f4+ 49.Kd3 Bd5
50.Bc2 Kc5  0-1

[Event "12th Chicago Open"]
[Site "Oak Brook USA"]
[Date "2003.05.26"]
[Round "6"]
[White "Adu,O"]
[Black "Ellis,J"]
[Result "0-1"]
[WhiteElo "2284"]
[BlackElo "2150"]

1.e4 c5 2.Nf3 d6 3.d4 cxd4 4.Nxd4 Nf6 5.Nc3 Nc6 6.Bg5 e6 7.Qd2 a6 8.O-O-O Bd7
9.f4 b5 10.Qe1 Be7 11.Nxc6 Bxc6 12.e5 Nd5 13.Bxe7 Qxe7 14.Ne4 dxe5 15.fxe5 O-O
16.Qg3 Kh8 17.h4 f5 18.Ng5 Rac8 19.Kb1 f4 20.Qh3 Ne3 21.Rd6 Rf5 22.Rxe6 Qb4
23.Bd3 Bxg2 24.Qh2 Bxh1 25.Qxh1 Nc4 26.Qc1 Rff8 27.c3 Qc5 28.Bxh7 Qd5 29.b3 Ne3
30.Be4 Qc5 31.Bb7 Rcd8 32.Bf3 a5 33.Kb2 b4 34.Rc6 Qxe5 35.Ne6 Rfe8 36.Nxd8 Rxd8
37.Kb1 Qb5 38.Kb2 Qe5 39.a3 bxc3+ 40.Qxc3 Rd2+ 41.Ka1 Nc2+ 42.Kb2 Nb4+ 43.Kb1 Qe1+
44.Qc1 Rb2+ 45.Kxb2 Nd3+ 46.Kb1 Nxc1 47.Rxc1 Qe3 48.Bd1 f3 49.Rc8+ Kh7 50.Bc2+ g6
51.Rc7+ Kh6 52.Rc6 f2 53.Rxg6+ Kh5  0-1

[Event "Golden Cleopatra"]
[Site "Cairo EGY"]
[Date "2003.06.02"]
[Round "2"]
[White "Abdel Fadil,M"]
[Black "Abdelnabbi,I"]
[Result "0-1"]
[WhiteElo "2201"]
[BlackElo "2446"]

1.e4 c5 2.Nf3 d6 3.d4 cxd4 4.Nxd4 Nf6 5.Nc3 Nc6 6.Bg5 e6 7.Qd2 a6 8.f4 h6
9.Bh4 Nxe4 10.Nxe4 Qxh4+ 11.g3 Qd8 12.O-O-O d5 13.Nc3 Be7 14.Bg2 Nxd4 15.Qxd4 O-O
16.Kb1 Bd7 17.g4 Rc8 18.Qd2 Bb4 19.h4 Qa5 20.Rh3 Bxc3 21.Rxc3 Rxc3 22.Qxc3 Qxc3
23.bxc3 Rc8 24.Kb2 Bb5 25.Bf3 Kf8 26.Rd4 Bc4 27.a4 Ke7 28.Ka3 a5 29.Rd1 Ba6
30.Kb3 Rc4 31.Rd4 Kd6 32.g5 Kc5 33.Rxc4+ Bxc4+ 34.Kb2 f6 35.Bg4 Kd6 36.Kc1 fxg5
37.hxg5 hxg5 38.fxg5 b6 39.Bh3 Ke5 40.Kd2 Ba6 41.Ke3 Bb7 42.Kd3 Bc6 43.c4 Bxa4
44.c3 Bb3 45.cxd5 exd5 46.Bg2 Kf4 47.Ke2 Bc4+ 48.Kd2 a4 49.Kc2 a3  0-1

[Event "4th IECC"]
[Site "Istanbul TUR"]
[Date "2003.06.02"]
[Round "4"]
[White "Nedev,T"]
[Black "Demir,G"]
[Result "1-0"]
[WhiteElo "2518"]
[BlackElo "2245"]

1.e4 c5 2.Nf3 d6 3.d4 cxd4 4.Nxd4 Nf6 5.Nc3 Nc6 6.Bg5 e6 7.Qd2 Be7 8.O-O-O O-O
9.f4 Nxd4 10.Qxd4 Qa5 11.Bc4 Bd7 12.Rhe1 e5 13.Qd3 Rab8 14.Bb3 Bc6 15.f5 b5
16.Bxf6 Bxf6 17.Qxd6 Rb6 18.Qc7 b4 19.Nd5 Bxd5 20.Rxd5 Qa6 21.Rd7 Kh8 22.Qxa7 Qb5
23.Red1  1-0

[Event "17th Open"]
[Site "Pula CRO"]
[Date "2003.06.02"]
[Round "2"]
[White "Stojanovski,D"]
[Black "Genser,H"]
[Result "1/2-1/2"]
[WhiteElo "2439"]
[BlackElo "2265"]

1.e4 c5 2.Nf3 d6 3.d4 cxd4 4.Nxd4 Nf6 5.Nc3 Nc6 6.Bg5 Qb6 7.Nb3 e6 8.Be3 Qc7
9.Bd3 a6 10.O-O Ne5 11.Qe2 Be7 12.f4 Ng6 13.a4 b6 14.Rae1 O-O 15.Rf3 Nd7
16.Rh3 Re8 17.f5 Nge5 18.fxe6 fxe6 19.Rxh7 Kxh7 20.Qh5+ Kg8 21.Qxe8+ Nf8
22.Qh5 Bf6 23.Qe2 Nxd3 24.cxd3 Bxc3 25.Rc1 Qd7 26.Rxc3 Qxa4 27.Qc2 Bd7 28.Bxb6 Qb4
29.Ba5 Qb5 30.Bc7 d5 31.Nc5 Be8 32.exd5 exd5 33.d4 Ra7 34.Be5 Rf7 35.Rf3 Rxf3
36.gxf3 Nd7 37.Nxd7 Qxd7 38.Qg2 Qf7 39.Kf2 Qg6 40.Qh3 Bb5 41.Qg4 Qxg4 42.fxg4 g6
43.Ke3 Bf1 44.Bg3 Kf7 45.Kf4 Bg2 46.Ke5 Bf3 47.h3 Bg2 48.h4 Be4 49.b4 Bg2
50.h5 gxh5 51.gxh5 Kg7  1/2-1/2

[Event "4th IECC"]
[Site "Istanbul TUR"]
[Date "2003.06.03"]
[Round "5"]
[White "Asrian,K"]
[Black "Guseinov,K"]
[Result "1/2-1/2"]
[WhiteElo "2596"]
[BlackElo "2505"]

1.e4 c5 2.Nf3 Nc6 3.d4 cxd4 4.Nxd4 Nf6 5.Nc3 d6 6.Bg5 e6 7.Qd2 Be7 8.O-O-O O-O
9.h4 h6 10.g4 Nxd4 11.Qxd4 Qa5 12.Be2 e5 13.Qd3 Bf5 14.Bf4 Be6 15.Kb1 Rac8
16.Nd5 Bxd5 17.exd5 Qa4 18.c4 b5 19.Qb3 Ne4 20.Qxa4 bxa4 21.Rde1 Rb8 22.Kc2 Bf6
23.b3 Rb6 24.Be3 axb3+ 25.axb3 Ra6 26.Kd3 Nc5+  1/2-1/2

[Event "17th Open"]
[Site "Pula CRO"]
[Date "2003.06.04"]
[Round "6"]
[White "Lekic,D"]
[Black "Jankovic,A"]
[Result "1-0"]
[WhiteElo "2430"]
[BlackElo "2359"]

1.e4 c5 2.Nf3 Nc6 3.d4 cxd4 4.Nxd4 Nf6 5.Nc3 d6 6.Bg5 e6 7.Qd2 a6 8.O-O-O Bd7
9.f4 Be7 10.Nf3 b5 11.Bxf6 gxf6 12.Kb1 b4 13.Ne2 Qb6 14.f5 Ne5 15.Nf4 Ng4
16.Nd4 e5 17.Nd5 Qxd4 18.Qe2 Qc5 19.Qxg4 Rc8 20.Bd3 Kf8 21.Qh4 h5 22.g4 Ba4
23.b3 Bb5 24.Rd2 Bxd3 25.cxd3 Rh6 26.gxh5 Ke8 27.Rhd1 Qd4 28.Qg4 Bf8 29.Qe2 Be7
30.Rc2 Rxc2 31.Qxc2 Qc5 32.Qe2 Qd4 33.Rc1 a5 34.Qc2  1-0

[Event "4th IECC"]
[Site "Istanbul TUR"]
[Date "2003.06.06"]
[Round "7"]
[White "Goloshchapov,A"]
[Black "Kozul,Z"]
[Result "1-0"]
[WhiteElo "2558"]
[BlackElo "2601"]

1.e4 c5 2.Nf3 Nc6 3.d4 cxd4 4.Nxd4 Nf6 5.Nc3 d6 6.Bg5 e6 7.Qd2 a6 8.O-O-O Bd7
9.f3 h6 10.Be3 Qc7 11.Kb1 Rc8 12.h4 Ne5 13.g4 b5 14.Bd3 g6 15.a3 Qb7 16.Rhf1 d5
17.exd5 b4 18.axb4 Bxb4 19.Nde2 Nxd5 20.Bd4 Nxd3 21.Qxd3 O-O 22.Nxd5 exd5
23.Nc3 Bxc3 24.Bxc3 Bb5 25.Qd4 Rxc3 26.Qxc3 Bxf1 27.Rxf1 Rc8 28.Qd2 Rb8 29.b3 a5
30.Qxa5 Ra8 31.Qc3 Qa7 32.Rd1 Qa2+ 33.Kc1 Qa3+ 34.Kb1 Qa2+ 35.Kc1 Qa3+ 36.Qb2 Qe7
37.Qd4 Ra5 38.h5 Qe2 39.hxg6 fxg6 40.Qf6 Ra6 41.Qd8+ Kg7 42.Qc7+ Kg8 43.Qc8+ Kf7
44.Qc7+ Kg8 45.Qc3 Qe6 46.Kb1 Rc6 47.Qd2 Rc5 48.Qxh6 Qf6 49.Qe3 Ra5 50.Rd4 Kg7
51.Qc3 Ra7 52.Rd3 Qxc3 53.Rxc3 Kf6 54.f4 Rf7 55.Kc1 Kg7 56.Rf3 g5 57.f5 Rb7
58.Rd3 Rb5 59.Kb2 Kf6 60.Kc3 Ke5 61.Rf3 d4+ 62.Kd2 Kf6 63.Rf1 Rc5 64.Re1  1-0

[Event "Golden Cleopatra"]
[Site "Cairo EGY"]
[Date "2003.06.08"]
[Round "7"]
[White "Abdel Fadil,M"]
[Black "Salem,Z"]
[Result "1/2-1/2"]
[WhiteElo "2201"]
[BlackElo "2319"]

1.e4 c5 2.Nf3 Nf6 3.Nc3 Nc6 4.d4 cxd4 5.Nxd4 d6 6.Bg5 e6 7.f4 Be7 8.Qd2 h6
9.Bxf6 Bxf6 10.Ndb5 O-O 11.O-O-O e5 12.Qxd6 exf4 13.Nd5 Be5 14.Qxd8 Rxd8
15.Be2 a6 16.Nbc7 Rb8 17.Ne7+ Kh7 18.Nxc6 Rxd1+ 19.Rxd1 bxc6 20.Nxa6 Rxb2
21.Rd8 Be6 22.Nc5 Bxa2 23.Nd7 Rb1+ 24.Kd2 f6 25.Nxe5 fxe5 26.Re8 Rg1 27.Bf3 g5
28.h3 h5 29.Rxe5 Kg6 30.Kc3 g4 31.hxg4 hxg4 32.Bxg4 Rxg2 33.Bh5+ Kh6 34.Be8 Bb1
35.Re6+ Kg7 36.Rxc6 f3 37.Kb2 f2 38.Rc7+ Kf8 39.Bb5 Rg1 40.Ra7 Re1 41.Ra8+ Ke7
42.Re8+ Kf7 43.Re5 Kg6 44.Rf5 Rxe4 45.Rxf2 Rb4+ 46.Ka3 Rxb5 47.c4 Rb8 48.Rb2 Ra8+
49.Kb4 Kf5 50.Kc5 Be4 51.Rb6 Ke5 52.Kb4 Ra1 53.Kc5 Rc1 54.Rd6 Bf5 55.Rd5+ Ke6
56.Rd4 Re1 57.Kb6 Be4 58.Rd8 Ke7 59.Rd4 Rb1+ 60.Kc5 Bf5 61.Kc6 Rb8 62.c5 Rc8+
63.Kb6 Bd7 64.Rd5 Rc6+ 65.Ka5 Re6 66.Rd6 Re2 67.Kb6 Rc2 68.Rh6 Kd8 69.c6 Be8
70.Re6 Rc1 71.Rd6+ Kc8 72.Re6 Bh5 73.Rh6 Rb1+ 74.Kc5 Be8 75.Re6 Rc1+ 76.Kb6 Kd8
77.Rd6+ Ke7 78.Kc7 Rc3 79.Rh6 Bf7 80.Rh7 Rb3 81.Kc8 Rf3 82.c7 Rb3 83.Rxf7+ Kxf7
84.Kd7  1/2-1/2

[Event "3rd Zurich Lake Plaza Open"]
[Site "Pfaeffikon SUI"]
[Date "2003.06.08"]
[Round "5"]
[White "Horvath,Ad"]
[Black "Idrizaj,A"]
[Result "1-0"]
[WhiteElo "2503"]
[BlackElo "2242"]

1.e4 c5 2.Nf3 Nc6 3.d4 cxd4 4.Nxd4 d6 5.Nc3 Nf6 6.Bg5 e6 7.Qd3 a6 8.Be2 Be7
9.O-O-O Bd7 10.f4 Qc7 11.Nb3 Rc8 12.Kb1 b5 13.Bxf6 gxf6 14.Bh5 O-O 15.Rhe1 Nb4
16.Qd4 a5 17.Re3 Be8 18.f5 Kh8 19.Qd2 e5 20.Rg3 Bc6 21.a3 Nxc2 22.Qxc2 b4
23.axb4 axb4 24.Na2 Qa7 25.Be2 Bb7 26.Qd3 Ra8 27.Nac1 Rfc8 28.Qe3 Qa4 29.Rd3 Ba6
30.Rd2 Bb7 31.Rh3 Rxc1+ 32.Kxc1 Rc8+ 33.Rc2 Rxc2+ 34.Kxc2 Qc6+ 35.Kb1 Qxe4+
36.Qxe4 Bxe4+ 37.Ka2 Bxf5 38.Rf3 Be6 39.Ka1 f5 40.Nd2 e4 41.Rf1 Bg5 42.Nc4 d5
43.Nd6 f4 44.Nb5 Kg7 45.Nd4 Kf6 46.Ka2 Ke5 47.Rd1 Bh6 48.Kb3 Bf8 49.Nc6+ Kf5
50.Nxb4 d4+ 51.Bc4 d3 52.Nxd3 exd3 53.Rxd3 Ke4 54.Rd1 Bc5 55.Kc3 Bf2 56.Bd3+ Ke5
57.Bxh7 Bg4 58.Ra1 Bd4+ 59.Kc2 f5 60.Ra5+ Kf6 61.h3  1-0

[Event "zt 3.2a"]
[Site "Ho Chi Minh City VIE"]
[Date "2003.06.27"]
[Round "8"]
[White "Pham Chuong"]
[Black "Paragua,M"]
[Result "0-1"]
[WhiteElo "2225"]
[BlackElo "2500"]

1.e4 c5 2.Nf3 d6 3.d4 cxd4 4.Nxd4 Nf6 5.Nc3 Nc6 6.Bg5 Qb6 7.Nb3 e6 8.Qd2 a6
9.Be2 Be7 10.f4 O-O 11.O-O-O Rd8 12.Bf3 Qc7 13.g4 b5 14.h4 Bb7 15.Qe3 b4
16.Ne2 Rac8 17.Rd2 a5 18.Bxf6 Bxf6 19.g5 Be7 20.h5 a4 21.Nbd4 b3 22.axb3 axb3
23.Nxb3 Na5 24.h6 Nxb3+ 25.Qxb3 Ra8 26.Rdd1 d5 27.e5 g6 28.Kd2 Ba6 29.c3 Rab8
30.Qc2 Bc5 31.Ke1 Qb6 32.b4 Be3 33.Rh2 Bxf4 34.Rf2 Qe3 35.Qc1 Qxc1 36.Nxc1 Bxg5
37.Rh2 Bf4 38.Rh3 Bxe5 39.Be2 Bxe2 40.Nxe2 Rdc8 41.Kf2 Rc4 42.Ra1 Rcxb4 43.Re3 Bf6
44.Rf3 Bh4+ 45.Ke3 Bg5+ 46.Kd3 Rb1 47.Rxb1 Rxb1 48.Kc2 Re1 49.Nd4 Bxh6  0-1

[Event "White Nights"]
[Site "St Petersburg RUS"]
[Date "2003.06.29"]
[Round "1"]
[White "Pisakov,I"]
[Black "Sergeev,Ve"]
[Result "0-1"]
[WhiteElo "2341"]
[BlackElo "2426"]

1.e4 c5 2.Nf3 Nc6 3.d4 cxd4 4.Nxd4 Nf6 5.Nc3 d6 6.Bg5 e6 7.Qd2 a6 8.O-O-O Bd7
9.f3 b5 10.a3 Rc8 11.Kb1 Be7 12.g4 O-O 13.Be3 Rb8 14.g5 Ne8 15.Nxc6 Bxc6
16.Ne2 a5 17.Nd4 Bd7 18.h4 b4 19.a4 Bxa4 20.g6 Bd7 21.h5 a4 22.Qh2 b3 23.cxb3 h6
24.gxf7+ Rxf7 25.Bc4 axb3 26.Qg2 Bf6 27.Rd3 Qa5 28.Nxb3 Qa4 29.Rc1 Ra8 30.Nd4 Qa1+
31.Kc2 Qa4+ 32.Kb1 Rb8 33.Bxh6 Rb4 34.b3 d5 35.exd5 exd5 36.Bxd5 Bxd4 37.Rxd4 Rxb3+
38.Bxb3 Qxb3+ 39.Qb2 Bf5+ 40.Re4 Qxf3  0-1

[Event "White Nights"]
[Site "St Petersburg RUS"]
[Date "2003.07.01"]
[Round "3"]
[White "Karasev,V"]
[Black "Kashljak,A"]
[Result "1-0"]
[WhiteElo "2429"]
[BlackElo "2332"]

1.e4 c5 2.Nf3 Nc6 3.d4 cxd4 4.Nxd4 Nf6 5.Nc3 d6 6.Bg5 Qb6 7.Nb3 e6 8.Bd3 a6
9.O-O Be7 10.Kh1 Qc7 11.f4 h6 12.Bh4 Nxe4 13.Nxe4 Bxh4 14.Qg4 Bf6 15.Nxf6+ gxf6
16.Qg7 Rf8 17.Qxf6 Qe7 18.Qxh6 Bd7 19.f5 O-O-O 20.f6 Qe8 21.Qe3 Rh8 22.Be4 Rh5
23.Bf3 Re5 24.Qd2 Qf8 25.Nd4 d5 26.Qf4 Qd6 27.Rad1 Nxd4 28.Rxd4 Bc6 29.g4 Qc7
30.Kg1 Rh8 31.Kg2 Re3 32.Kg3 e5 33.Qxe3 exd4+ 34.Qf4 Qxf4+ 35.Kxf4 Rxh2 36.g5  1-0

[Event "White Nights"]
[Site "St Petersburg RUS"]
[Date "2003.07.04"]
[Round "6"]
[White "Pisakov,I"]
[Black "Kashljak,A"]
[Result "1-0"]
[WhiteElo "2341"]
[BlackElo "2332"]

1.e4 c5 2.Nf3 Nc6 3.d4 cxd4 4.Nxd4 Nf6 5.Nc3 d6 6.Bg5 Qb6 7.Be3 Qc7 8.f3 e6
9.Qd2 a6 10.O-O-O Be7 11.g4 Nxd4 12.Qxd4 e5 13.Qa4+ Bd7 14.Bb5 Rc8 15.Bxd7+ Qxd7
16.Qxd7+ Nxd7 17.Rd3 Nf8 18.Nd5 Ne6 19.Rhd1 Rd8 20.Nb6 h5 21.h3 hxg4 22.hxg4 Rh3
23.Rf1 Bg5 24.Bxg5 Nxg5 25.Rf2 Ne6 26.Kd2 Nf4 27.Rb3 d5 28.Nxd5 Nxd5 29.exd5 Rxd5+
30.Ke3 Rd7 31.c4 Rh1 32.Rd2 Rc7 33.Rb6 Re1+ 34.Kf2 Rc1 35.b3 f6 36.Ke3 Ke7
37.g5 Rh1 38.gxf6+ gxf6 39.Rdd6 Rh6 40.Re6+ Kf7 41.Rxe5 Rd7 42.Ree6 Kg7 43.a4 Rf7
44.c5 Rh1 45.Kf4 Rh4+ 46.Kg3 Rh1 47.a5 Kg6 48.c6 bxc6 49.Rexc6 Rb1 50.b4 Kg5
51.Rb8 Rg1+ 52.Kf2 Rb1 53.Rg8+ Kf5 54.Rg4 Rb7 55.Rc5+ Ke6 56.Re4+ Kf7 57.Rcc4 Rb2+
58.Kg3 Rb5 59.Rg4 Rb7 60.Rgf4 Rb5 61.Rg4 Ke6 62.Rc6+ Kf7 63.Rb6 Rd5 64.Rxa6 f5
65.Rc4  1-0

[Event "32nd TCh-GRE"]
[Site "Kallithea Chalkidiki GRE"]
[Date "2003.07.06"]
[Round "3"]
[White "Vouldis,A"]
[Black "Antoniewski,R"]
[Result "1-0"]
[WhiteElo "2539"]
[BlackElo "2499"]

1.e4 c5 2.Nf3 Nc6 3.d4 cxd4 4.Nxd4 Nf6 5.Nc3 d6 6.Bg5 e6 7.Qd2 a6 8.O-O-O h6
9.Be3 Be7 10.f4 Bd7 11.Bd3 b5 12.h3 Qc7 13.Kb1 Na5 14.e5 dxe5 15.fxe5 Qxe5
16.Nf3 Qc7 17.Bf4 Bd6 18.Bxd6 Qxd6 19.Qe1 Qc7 20.Rf1 b4 21.Ne4 Nd5 22.g4 Rd8
23.g5 Bc8 24.Ng3 Qb6 25.Qe5 Nc3+ 26.Ka1 Nxd1 27.Qxg7 Rf8 28.g6 Qe3 29.Rxd1 Rxd3
30.cxd3 Qxf3 31.Rf1 Qc6 32.gxf7+ Ke7 33.Qxh6 Nb7 34.Qg5+ Kd7 35.Ne4 e5 36.Qg7 Ke7  1-0

[Event "Andorra"]
[Site "Andorra la Vella AND"]
[Date "2003.07.07"]
[Round "3"]
[White "Al Modiahki,M"]
[Black "Mateo,Ra"]
[Result "1-0"]
[WhiteElo "2574"]
[BlackElo "2444"]

1.e4 c5 2.Nf3 d6 3.d4 cxd4 4.Nxd4 Nf6 5.Nc3 Nc6 6.Bg5 e6 7.Qd2 Be7 8.O-O-O a6
9.f4 O-O 10.Kb1 Nxd4 11.Qxd4 Qa5 12.Qd2 b6 13.Qe1 h6 14.Bxf6 Bxf6 15.Rxd6 Qb4
16.Rd3 Bb7 17.e5 Bd8 18.Qd2 b5 19.Be2 Bb6 20.a3 Qc5 21.Bf3 Bxf3 22.Rxf3 Rad8
23.Qe2 Rd4 24.Ne4 Qe7 25.Rg3 Qc7 26.Nf6+ Kh8 27.Qg4 g6 28.Qh4 Kg7 29.Qxh6+  1-0

[Event "26th Open"]
[Site "Barbera del Valles ESP"]
[Date "2003.07.07"]
[Round "3"]
[White "Pablo Marin,A"]
[Black "Garrido Fernandez,D"]
[Result "1-0"]
[WhiteElo "2419"]
[BlackElo "2234"]

1.e4 c5 2.Nf3 Nc6 3.d4 cxd4 4.Nxd4 Nf6 5.Nc3 d6 6.Bg5 e6 7.Qd2 a6 8.O-O-O Nxd4
9.Qxd4 Be7 10.f4 b5 11.Bxf6 gxf6 12.f5 Qa5 13.Kb1 Bb7 14.Bd3 Rc8 15.fxe6 fxe6
16.Ne2 Qc7 17.Qe3 Qc5 18.Qh3 Qe5 19.Nd4 Kf7 20.Nf3 Qf4 21.Qh5+ Kg7 22.g3 Qe3
23.Rde1 Qc5 24.Qh3 Kf7 25.Rhf1 Rcg8 26.e5 Bxf3 27.exf6 Bg4 28.fxe7+ Kxe7
29.Qg2 Qc8 30.h3 Bh5 31.Qf2 Rf8 32.Qa7+ Ke8 33.Rxf8+ Rxf8 34.Qxh7 Bf7 35.g4 Qc5
36.Rf1  1-0

[Event "FSGM July"]
[Site "Budapest HUN"]
[Date "2003.07.07"]
[Round "3"]
[White "Gunnarsson,J"]
[Black "Ovsejevitsch,S"]
[Result "0-1"]
[WhiteElo "2411"]
[BlackElo "2497"]

1.e4 c5 2.Nf3 d6 3.d4 cxd4 4.Nxd4 Nf6 5.Nc3 Nc6 6.Bg5 Qb6 7.Nb3 e6 8.Qd2 Be7
9.O-O-O O-O 10.f3 a6 11.h4 Rd8 12.Be3 Qc7 13.Qf2 Nd7 14.Kb1 b5 15.g4 Nce5
16.Bd3 b4 17.Ne2 a5 18.Nbd4 a4 19.Bg5 Nc5 20.Bxe7 Qxe7 21.f4 Nexd3 22.cxd3 Qc7
23.h5 Ba6 24.h6 Bxd3+ 25.Rxd3 Nxd3 26.Qh4 Qb7 27.Ng3 Nf2 28.Rh2 Qa6 29.Rxf2 Qd3+
30.Rc2 b3  0-1

[Event "FSGM July"]
[Site "Budapest HUN"]
[Date "2003.07.07"]
[Round "3"]
[White "Medvegy,Z"]
[Black "Thorfinnsson,Br"]
[Result "1-0"]
[WhiteElo "2498"]
[BlackElo "2373"]

1.e4 c5 2.Nf3 d6 3.d4 cxd4 4.Nxd4 Nf6 5.Nc3 Nc6 6.Bg5 e6 7.Qd2 a6 8.O-O-O Bd7
9.f4 h6 10.Bxf6 Qxf6 11.Nf3 Qd8 12.f5 Qc7 13.fxe6 fxe6 14.Bc4 Na5 15.Bb3 O-O-O
16.Kb1 Kb8 17.Qd4 Rc8 18.Rhf1 Nxb3 19.cxb3 Be8 20.Rc1 Qc5 21.Qd2 Qa5 22.Qd4 Qc5
23.Qd2 Qa5 24.a3 Be7 25.b4 Qb6 26.Qd4 Qxd4 27.Nxd4 Bg6 28.Nxe6 d5 29.Nf4 Bxe4+
30.Nxe4 dxe4 31.Nd5 Rxc1+ 32.Rxc1 Bg5 33.Re1 Re8 34.Kc2 Rd8 35.Ne3 Rf8 36.Nd1 e3
37.g3 h5 38.h4 Bh6 39.Nxe3 Rf2+ 40.Kc3 Kc7 41.Kd4 Rf3 42.Nd5+ Kd6 43.Nc3 Kd7
44.Ne4 b6 45.Ke5 g6 46.Nf6+ Kc6 47.Ne4 Bg7+ 48.Ke6 Bxb2 49.a4 Ba3 50.Rb1 a5
51.b5+ Kc7 52.Rd1 Re3 53.Rd7+ Kc8 54.Rd4 Rf3 55.Rc4+ Kb7 56.Rc3 Rxc3 57.Nxc3 Bc1
58.Ne4  1-0

[Event "ch-BEL"]
[Site "Eupen BEL"]
[Date "2003.07.07"]
[Round "3"]
[White "Marechal,A"]
[Black "Mohandesi,S"]
[Result "1/2-1/2"]
[WhiteElo "2256"]
[BlackElo "2337"]

1.e4 c5 2.Nf3 Nc6 3.d4 cxd4 4.Nxd4 Nf6 5.Nc3 d6 6.Bg5 e6 7.Qd2 Be7 8.O-O-O O-O
9.f4 Nxd4 10.Qxd4 Qa5 11.Bc4 Bd7 12.Rd3 Rfd8 13.Rg3 Kf8 14.e5 Ne8 15.Bxe7+ Kxe7
16.Rf1 Bc6 17.Qf2 g6 18.Bb3 h5 19.Rg5 Qb6 20.Qh4 Kd7 21.Rd1 Kc7 22.Qe1 d5
23.Ne2 a5 24.c3 Qc5 25.Kb1 Ra6 26.Rg3 Rb6 27.Qd2 Bb5 28.Nd4 Bc4 29.Bxc4 Qxc4
30.Rd3 Kc8 31.Ka1 Nc7 32.g3 Kb8 33.h3 Na6 34.g4 Nc5 35.Re3 hxg4 36.hxg4 Rh8
37.f5 Ne4 38.Qg2 Qc7 39.Nf3 a4 40.a3 Nc5 41.Nd4 Ne4 42.Nf3 Nc5 43.Nd4 Ne4
44.Nf3 Ka7 45.Qc2 gxf5 46.gxf5 Nc5 47.Nd4 Nb3+ 48.Nxb3 axb3 49.Qe2 Qc5 50.Red3 Rh4
51.fxe6 fxe6 52.Rd4 Rxd4 53.Rxd4 Qf8 54.Qd1 Qf5 55.Qg1 Kb8 56.Qg8+ Kc7 57.Qg7+ Kc6
58.Rd1 Rb5 59.Re1 Kb6 60.Qg1+ Kc7 61.Qd4 Qf8 62.Rd1 Qc5 63.Kb1 Qc4 64.Rd3 Rc5
65.Kc1 Qb5 66.Rf3 Kb8 67.Kd2 Rc8 68.Qf2 Qe8 69.Rf7 d4 70.c4 Qc6 71.Qxd4 Qxc4
72.Qxc4 Rxc4 73.Re7 Rc6 74.Kd3 Kc8 75.Kd4 Kb8 76.Kd3 Ka7 77.Re8 Kb6 78.Re7 Ka6
79.Rd7 b6 80.Rd6 Rc2 81.Rxe6 Rxb2 82.Kc3 Rb1 83.Rd6 Re1 84.Kxb3 Rxe5  1/2-1/2

[Event "Andorra"]
[Site "Andorra la Vella AND"]
[Date "2003.07.09"]
[Round "5"]
[White "Delchev,A"]
[Black "Campos Moreno,J"]
[Result "1-0"]
[WhiteElo "2572"]
[BlackElo "2509"]

1.e4 c5 2.Nf3 Nc6 3.d4 cxd4 4.Nxd4 Nf6 5.Nc3 d6 6.Bg5 e6 7.Qd2 Qb6 8.Nb3 a6
9.O-O-O Be7 10.f3 Qc7 11.Kb1 O-O 12.Bxf6 Bxf6 13.Qxd6 Qb6 14.Na4 Qe3 15.Qc5 Qf4
16.Nb6 Rb8 17.Bxa6 Be7 18.Qc4 Qc7 19.Nxc8 Rfxc8 20.Bb5 Qb6 21.Qe2 Ra8 22.a4 Qc7
23.g3 Bf6 24.c3 Na7 25.Rd7 Qb6 26.e5 Bd8 27.Rhd1 Bc7 28.f4  1-0

[Event "32nd TCh-GRE"]
[Site "Kallithea Chalkidiki GRE"]
[Date "2003.07.09"]
[Round "7"]
[White "Marjanovic,Slavo"]
[Black "Atalik,S"]
[Result "1/2-1/2"]
[WhiteElo "2511"]
[BlackElo "2599"]

1.e4 c5 2.Nf3 d6 3.d4 cxd4 4.Nxd4 Nf6 5.Nc3 Nc6 6.Bg5 e6 7.Qd2 a6 8.O-O-O Bd7
9.f4 b5 10.Bxf6 gxf6 11.Kb1 Qb6 12.Nce2 Rc8 13.g3 b4 14.Bg2 a5 15.Rhe1 a4
16.Nxc6 Qxc6 17.Nd4 Qc5 18.Re3 Bg7 19.c3 Rb8 20.cxb4 Qxb4 21.Rc3 f5 22.e5 O-O
23.a3 Qb6 24.Nc6 dxe5 25.Nxb8 Rxb8 26.Rc4 Bb5 27.Rb4 Bf8 28.fxe5 Bxb4 29.Qg5+ Kf8
30.axb4 Be2 31.Qh6+ Kg8 32.Qg5+ Kf8 33.Qh6+ Ke8 34.Rc1 Bd3+ 35.Ka1 Qxb4 36.Bc6+ Ke7
37.Qf6+ Kf8 38.Qh8+ Ke7 39.Qf6+ Kf8 40.Bb5 Kg8 41.Qg5+ Kh8 42.Qf6+ Kg8 43.Qg5+ Kh8
44.Qf6+  1/2-1/2

[Event "11th Fair Play Trophy"]
[Site "Techirghiol ROM"]
[Date "2003.07.09"]
[Round "9"]
[White "Chiricuta,M"]
[Black "Podgurkii,S"]
[Result "0-1"]
[WhiteElo "2216"]
[BlackElo "2151"]

1.e4 c5 2.Nf3 d6 3.d4 cxd4 4.Nxd4 Nf6 5.Nc3 Nc6 6.Bg5 e6 7.Qd3 a6 8.f4 Bd7
9.O-O-O Be7 10.Be2 O-O 11.Qg3 Nxd4 12.Rxd4 Ne8 13.Bxe7 Qxe7 14.e5 Bc6 15.Rhd1 dxe5
16.fxe5 Rc8 17.Bf3 Bxf3 18.gxf3 Qc5 19.R1d2 f6 20.f4 fxe5 21.fxe5 Rf1+ 22.Nd1 Qc6
23.Qd3 Rf8 24.Rh4 h6 25.Ne3 Qh1+ 26.Rd1 Qf3 27.Rf1 Qc6 28.Rg1 Rf3 29.Kd2 Qb6
30.Ke2 Rxe3+ 31.Qxe3 Rxc2+ 32.Kf3 Qxb2 33.Rd4 Rc3 34.Rd3 Rxd3 35.Qxd3 Qxe5
36.Qd7 Nd6 37.Rg2 Qd5+  0-1

[Event "25th Open"]
[Site "Oberwart AUT"]
[Date "2003.07.10"]
[Round "6"]
[White "Hiermann,D"]
[Black "Videki,S"]
[Result "1/2-1/2"]
[WhiteElo "2256"]
[BlackElo "2429"]

1.e4 c5 2.Nf3 Nc6 3.d4 cxd4 4.Nxd4 Nf6 5.Nc3 d6 6.Bg5 Bd7 7.Qd2 Nxd4 8.Qxd4 Qa5
9.Bd2 Rc8 10.O-O-O a6 11.Kb1 Qc5 12.Qxc5 Rxc5 13.f3 Rc8 14.Nd5 Nxd5 15.exd5 g6
16.Bc3 Rg8 17.Bd3 Rc5 18.Be2 h5 19.Rhe1 h4 20.Bb4 Rc8 21.Bd3 Kd8 22.Ba5+ Ke8
23.Bb4 Kd8 24.Ba5+ Ke8 25.Bb4 Kd8 26.Ba5+  1/2-1/2

[Event "ch-SWE"]
[Site "Umea SWE"]
[Date "2003.07.12"]
[Round "13"]
[White "Lindberg,Be"]
[Black "Berg,E"]
[Result "0-1"]
[WhiteElo "2392"]
[BlackElo "2514"]

1.e4 c5 2.Nf3 d6 3.d4 cxd4 4.Nxd4 Nf6 5.Nc3 Nc6 6.Bg5 e6 7.Qd2 a6 8.O-O-O h6
9.Be3 Bd7 10.f3 Be7 11.g4 Ne5 12.h3 Rc8 13.f4 Nc6 14.Rg1 b5 15.Bd3 g5 16.Nxc6 Bxc6
17.a3 Qa5 18.Kb1 Nd7 19.fxg5 hxg5 20.Bxg5 b4 21.Bxe7 bxc3 22.Qg5 Qxg5 23.Bxg5 cxb2
24.Rg3 f6 25.Be3 Ne5 26.Bd4 Nxd3 27.cxd3 e5 28.Bxb2 Ke7 29.Rf1 Rh7 30.g5 fxg5
31.Bc1 g4 32.hxg4 d5 33.exd5 Bxd5 34.Re3 Rh2 35.Rxe5+ Be6 36.Bg5+ Kd7 37.Re4 Rb8+
38.Kc1 Rc8+ 39.Kd1 Rc3  0-1